| 000 | 00656nam a2200229Ia 4500 | ||
|---|---|---|---|
| 001 | dia_2849 | ||
| 003 | CHAP | ||
| 005 | 20251021153323.0 | ||
| 008 | 220601s9999 xx 000 0 und d | ||
| 040 | _cCHAP | ||
| 082 | _a664.8 G6 | ||
| 100 |
_aGómez, Carlos _9175796 |
||
| 245 | _aComo se Congelán y Conservan los Alimentos en Casa / Carlos Gómez | ||
| 260 | _aBarcelona, de Vecchi | ||
| 300 | _a94 p. | ||
| 500 | _aC.1 c/ec. 2 fot. | ||
| 650 |
_a1. Refrigeración 2. Alimentos - conservaciónÌ _9175797 |
||
| 901 | _a664.8 G6 | ||
| 902 | _aM | ||
| 905 | _a0000001983 sp 0000000000spa00 | ||
| 942 |
_cLIBRO _2ddc |
||
| 999 |
_c209310 _d209310 |
||